[Event "Senior Women Russian Championship 2022_HL"]
[Site "Saint-Petersburg, Russia"]
[Date "2022.10.02"]
[Round "9.6"]
[White "Sazonova, Elena N."]
[Black "Khropova, Larisa"]
[Result "1-0"]
[TimeControl "Standard: 90min/40moves+30min/end+30sec increment per move starting from move 1"]
[WhiteElo "2120"]
[BlackElo "2031"]

1. e4 {[%clk 01:30:58]} {[%emt 00:36:26]} c6 {[%clk 01:30:54]} {[%emt
00:00:06]} 2. d4 {[%clk 01:30:09]} {[%emt 00:01:19]} d5 {[%clk 01:31:19]}
{[%emt 00:00:05]} 3. Nc3 {[%clk 01:29:06]} {[%emt 00:01:34]} dxe4 {[%clk
01:31:43]} {[%emt 00:00:06]} 4. Nxe4 {[%clk 01:29:29]} {[%emt 00:00:06]} Bf5
{[%clk 01:32:08]} {[%emt 00:00:06]} 5. Nc5 {[%clk 01:29:11]} {[%emt 00:00:48]}
b6 {[%clk 01:31:07]} {[%emt 00:01:31]} 6. Nb3 {[%clk 01:29:29]} {[%emt
00:00:12]} e6 {[%clk 01:30:32]} {[%emt 00:01:05]} 7. g4 {[%clk 01:26:02]}
{[%emt 00:03:56]} Be4 {[%clk 01:26:09]} {[%emt 00:04:53]} 8. Nf3 {[%clk
01:26:02]} {[%emt 00:00:30]} Bd6 {[%clk 01:22:49]} {[%emt 00:03:51]} 9. Nbd2
{[%clk 01:17:37]} {[%emt 00:08:54]} Bg6 {[%clk 01:21:45]} {[%emt 00:01:33]} 10.
Nc4 {[%clk 01:14:26]} {[%emt 00:03:42]} Bc7 {[%clk 01:16:04]} {[%emt 00:06:11]}
11. Bg2 {[%clk 01:07:49]} {[%emt 00:07:06]} Ne7 {[%clk 01:09:12]} {[%emt
00:07:23]} 12. Nfe5 {[%clk 01:03:48]} {[%emt 00:04:32]} f6 {[%clk 00:52:46]}
{[%emt 00:16:56]} 13. Nxg6 {[%clk 00:56:47]} {[%emt 00:07:30]} hxg6 {[%clk
00:51:42]} {[%emt 00:01:34]} 14. h4 {[%clk 00:52:11]} {[%emt 00:05:06]} Nd7
{[%clk 00:46:21]} {[%emt 00:05:51]} 15. Be3 {[%clk 00:46:31]} {[%emt 00:06:10]}
b5 {[%clk 00:45:27]} {[%emt 00:01:24]} 16. Nd2 {[%clk 00:46:30]} {[%emt
00:00:31]} Nb6 {[%clk 00:41:29]} {[%emt 00:04:28]} 17. Qe2 {[%clk 00:46:32]}
{[%emt 00:00:28]} Nbd5 {[%clk 00:39:36]} {[%emt 00:02:23]} 18. O-O-O {[%clk
00:46:25]} {[%emt 00:00:36]} Kf7 {[%clk 00:33:35]} {[%emt 00:06:32]} 19. Kb1
{[%clk 00:38:52]} {[%emt 00:08:04]} a5 {[%clk 00:32:32]} {[%emt 00:01:33]} 20.
h5 {[%clk 00:36:11]} {[%emt 00:03:10]} g5 {[%clk 00:31:24]} {[%emt 00:01:38]}
21. Ne4 {[%clk 00:34:06]} {[%emt 00:02:36]} Bf4 {[%clk 00:26:27]} {[%emt
00:05:26]} 22. Nc5 {[%clk 00:31:08]} {[%emt 00:03:27]} Qc8 {[%clk 00:26:37]}
{[%emt 00:00:21]} 23. Be4 {[%clk 00:30:15]} {[%emt 00:01:23]} a4 {[%clk
00:23:46]} {[%emt 00:03:22]} 24. Bg6+ {[%clk 00:29:37]} {[%emt 00:01:07]} Kg8
{[%clk 00:16:21]} {[%emt 00:07:55]} 25. a3 {[%clk 00:17:09]} {[%emt 00:12:59]}
b4 {[%clk 00:16:10]} {[%emt 00:00:41]} 26. Qd3 {[%clk 00:17:07]} {[%emt
00:00:31]} bxa3 {[%clk 00:14:22]} {[%emt 00:02:18]} 27. Qxa3 {[%clk 00:15:33]}
{[%emt 00:02:05]} Bd6 {[%clk 00:11:58]} {[%emt 00:02:54]} 28. Bd2 {[%clk
00:11:51]} {[%emt 00:04:11]} Nf4 {[%clk 00:10:19]} {[%emt 00:02:09]} 29. Be4
{[%clk 00:11:35]} {[%emt 00:00:46]} Ned5 {[%clk 00:09:07]} {[%emt 00:01:42]} 30.
Rhe1 {[%clk 00:09:50]} {[%emt 00:02:14]} Kf7 {[%clk 00:09:02]} {[%emt
00:00:35]} 31. c4 {[%clk 00:07:39]} {[%emt 00:02:42]} Nb6 {[%clk 00:09:04]}
{[%emt 00:00:28]} 32. Rc1 {[%clk 00:07:31]} {[%emt 00:00:38]} Nd7 {[%clk
00:09:05]} {[%emt 00:08:03]} 33. Bb4 {[%clk 00:06:35]} Bxc5 34. Bxc5 {[%clk
00:06:28]} Qa6 {[%clk 00:05:43]} 35. Bd6 {[%clk 00:05:32]} {[%emt 00:00:16]}
Ra7 {[%clk 00:05:15]} {[%emt 00:00:58]} 36. Bxf4 {[%clk 00:05:35]} {[%emt
00:00:27]} gxf4 {[%emt 00:00:08]} 37. Bg6+ {[%emt 00:00:09]} Kg8 {[%clk
00:05:15]} {[%emt 00:00:13]} 38. Rxe6 {[%clk 00:05:50]} {[%emt 00:00:15]} Ra8
{[%clk 00:01:10]} {[%emt 00:04:36]} 39. Qe7 {[%clk 00:02:25]} {[%emt 00:03:55]}
Rf8 {[%clk 00:01:35]} {[%emt 00:00:05]} 40. Qxd7 {[%clk 00:02:44]} {[%emt
00:00:10]} a3 {[%clk 00:01:54]} {[%emt 00:00:11]} 41. Qxc6 {[%clk 00:33:05]}
{[%emt 00:00:10]} 1-0

[Event "Senior Women Russian Championship 2022_HL"]
[Site "Saint-Petersburg, Russia"]
[Date "2022.10.02"]
[Round "9.7"]
[White "Titorenko, Natalia I"]
[Black "Mednikova, Svetlana"]
[Result "1-0"]
[TimeControl "Standard: 90min/40moves+30min/end+30sec increment per move starting from move 1"]
[WhiteElo "2024"]
[BlackElo "2092"]

1. e4 {[%clk 01:30:57]} {[%emt 00:00:02]} e5 {[%clk 01:30:47]} {[%emt
00:00:14]} 2. Nf3 {[%clk 01:31:21]} {[%emt 00:00:05]} Nc6 {[%clk 01:31:11]}
{[%emt 00:00:06]} 3. Bb5 {[%clk 01:31:47]} {[%emt 00:00:04]} a6 {[%clk
01:31:14]} {[%emt 00:00:29]} 4. Ba4 {[%clk 01:31:54]} {[%emt 00:00:23]} d6
{[%clk 01:31:07]} {[%emt 00:00:36]} 5. c3 {[%clk 01:32:16]} {[%emt 00:00:09]}
Bd7 {[%clk 01:31:18]} {[%emt 00:00:17]} 6. d4 {[%clk 01:31:13]} {[%emt
00:01:34]} Nge7 {[%clk 01:31:02]} {[%emt 00:00:46]} 7. Be3 {[%clk 01:30:17]}
{[%emt 00:01:26]} Ng6 {[%clk 01:30:31]} {[%emt 00:01:00]} 8. h4 {[%clk
01:29:28]} {[%emt 00:01:20]} h5 {[%clk 01:18:27]} {[%emt 00:12:34]} 9. Nbd2
{[%clk 01:27:09]} {[%emt 00:02:49]} Be7 {[%clk 01:13:15]} {[%emt 00:05:42]} 10.
g3 {[%clk 01:23:12]} {[%emt 00:04:28]} Bf6 {[%clk 01:10:56]} {[%emt 00:02:49]}
11. d5 {[%clk 01:18:20]} {[%emt 00:05:22]} Nb8 {[%clk 01:07:30]} {[%emt
00:03:56]} 12. Bxd7+ {[%clk 01:11:28]} {[%emt 00:07:22]} Nxd7 {[%clk 01:04:35]}
{[%emt 00:03:25]} 13. Qe2 {[%clk 01:07:40]} {[%emt 00:04:18]} Ne7 {[%clk
00:59:18]} {[%emt 00:05:45]} 14. c4 {[%clk 00:58:58]} {[%emt 00:09:14]} g6
{[%clk 00:56:39]} {[%emt 00:03:09]} 15. O-O {[%clk 00:51:50]} {[%emt 00:07:37]}
O-O {[%clk 00:55:13]} {[%emt 00:01:56]} 16. b4 {[%clk 00:48:09]} {[%emt
00:04:12]} a5 {[%clk 00:52:48]} {[%emt 00:02:55]} 17. a3 {[%clk 00:48:13]}
{[%emt 00:00:26]} c6 {[%clk 00:50:13]} {[%emt 00:03:05]} 18. Nb3 {[%clk
00:41:19]} {[%emt 00:07:24]} axb4 {[%clk 00:50:10]} {[%emt 00:00:33]} 19. axb4
{[%clk 00:41:47]} {[%emt 00:00:02]} Qc7 {[%clk 00:43:55]} {[%emt 00:06:45]} 20.
Rfc1 {[%clk 00:40:06]} {[%emt 00:02:11]} Rxa1 {[%clk 00:41:56]} {[%emt
00:02:29]} 21. Rxa1 {[%clk 00:39:54]} {[%emt 00:00:42]} cxd5 {[%clk 00:37:02]}
{[%emt 00:05:24]} 22. cxd5 {[%clk 00:40:18]} {[%emt 00:00:07]} Qc3 {[%clk
00:36:23]} {[%emt 00:01:07]} 23. Rb1 {[%clk 00:35:51]} {[%emt 00:04:58]} Qxb4
{[%clk 00:23:32]} {[%emt 00:13:21]} 24. Nbd2 {[%clk 00:35:45]} {[%emt
00:00:36]} Qa4 {[%clk 00:14:30]} {[%emt 00:09:32]} 25. Rxb7 {[%clk 00:34:22]}
{[%emt 00:01:54]} Rb8 {[%clk 00:12:43]} {[%emt 00:02:15]} 26. Ra7 {[%clk
00:34:22]} {[%emt 00:00:31]} Qc2 {[%clk 00:08:50]} {[%emt 00:04:23]} 27. Rxd7
{[%clk 00:34:30]} {[%emt 00:00:22]} Rb1+ {[%clk 00:08:38]} {[%emt 00:00:42]} 28.
Kg2 {[%clk 00:34:01]} {[%emt 00:00:59]} Nxd5 {[%clk 00:02:41]} {[%emt
00:06:27]} 29. exd5 {[%clk 00:33:31]} {[%emt 00:01:00]} e4 {[%clk 00:02:54]}
{[%emt 00:00:17]} 30. Ne1 {[%clk 00:32:09]} {[%emt 00:01:52]} Qb2 {[%clk
00:02:18]} {[%emt 00:01:06]} 31. Qf1 {[%clk 00:28:27]} {[%emt 00:04:12]} Ra1
{[%clk 00:01:57]} {[%emt 00:00:51]} 32. Nxe4 {[%clk 00:28:02]} {[%emt
00:00:54]} Bc3 {[%clk 00:02:07]} {[%emt 00:00:20]} 33. Nxc3 {[%clk 00:24:34]}
{[%emt 00:03:59]} Qxc3 {[%clk 00:02:27]} {[%emt 00:00:10]} 34. Qe2 {[%clk
00:24:15]} {[%emt 00:00:49]} Rxe1 {[%clk 00:02:11]} {[%emt 00:00:46]} 35. Qf3
{[%clk 00:24:08]} {[%emt 00:00:37]} f5 {[%clk 00:01:40]} {[%emt 00:01:02]} 36.
Rd8+ {[%clk 00:23:44]} {[%emt 00:00:53]} Kf7 {[%clk 00:01:45]} {[%emt
00:00:25]} 37. Rf8+ {[%clk 00:23:57]} {[%emt 00:00:18]} 1-0

[Event "Senior Women Russian Championship 2022_HL"]
[Site "Saint-Petersburg, Russia"]
[Date "2022.10.02"]
[Round "9.8"]
[White "Sorokina, Tamara"]
[Black "Malinicheva, Lidia"]
[Result "1-0"]
[TimeControl "Standard: 90min/40moves+30min/end+30sec increment per move starting from move 1"]
[WhiteElo "2028"]
[BlackElo "1845"]

1. Nf3 {[%clk 01:30:56]} {[%emt 00:00:03]} Nf6 {[%clk 01:29:37]} {[%emt
00:01:23]} 2. c4 {[%clk 01:31:20]} {[%emt 00:00:06]} e6 {[%clk 01:27:14]}
{[%emt 00:02:53]} 3. g3 {[%clk 01:31:43]} {[%emt 00:00:08]} d5 {[%clk
01:27:04]} {[%emt 00:00:41]} 4. b3 {[%clk 01:31:53]} {[%emt 00:00:19]} Be7
{[%clk 01:22:58]} {[%emt 00:04:36]} 5. Bg2 {[%clk 01:32:17]} {[%emt 00:00:06]}
O-O {[%clk 01:19:01]} {[%emt 00:04:28]} 6. O-O {[%clk 01:32:41]} {[%emt
00:00:05]} Ne4 {[%clk 01:18:01]} {[%emt 00:01:30]} 7. Bb2 {[%clk 01:33:00]}
{[%emt 00:00:11]} Bf6 {[%clk 01:17:56]} {[%emt 00:00:34]} 8. Bxf6 {[%clk
01:32:25]} {[%emt 00:01:05]} Qxf6 {[%clk 01:16:36]} {[%emt 00:01:50]} 9. Na3
{[%clk 01:32:45]} {[%emt 00:00:10]} c6 {[%clk 01:14:17]} {[%emt 00:02:49]} 10.
d3 {[%clk 01:31:20]} {[%emt 00:01:55]} Nd6 {[%clk 01:10:31]} {[%emt 00:04:15]}
11. c5 {[%clk 01:28:24]} {[%emt 00:03:26]} Nb5 {[%clk 01:08:35]} {[%emt
00:02:26]} 12. Nxb5 {[%clk 01:28:29]} {[%emt 00:00:26]} cxb5 {[%clk 01:08:54]}
{[%emt 00:00:11]} 13. d4 {[%clk 01:28:55]} {[%emt 00:00:03]} Nc6 {[%clk
01:08:52]} {[%emt 00:00:32]} 14. Qd3 {[%clk 01:27:45]} {[%emt 00:01:42]} Rd8
{[%clk 01:03:18]} {[%emt 00:06:04]} 15. e3 {[%clk 01:26:16]} {[%emt 00:01:58]}
a6 {[%clk 01:03:34]} {[%emt 00:00:14]} 16. a4 {[%clk 01:21:38]} {[%emt
00:05:08]} bxa4 {[%clk 01:00:44]} {[%emt 00:03:21]} 17. bxa4 {[%clk 01:21:31]}
{[%emt 00:00:37]} a5 {[%clk 01:00:23]} {[%emt 00:00:49]} 18. Qc3 {[%clk
01:20:05]} {[%emt 00:01:55]} Qe7 {[%clk 00:58:36]} {[%emt 00:02:18]} 19. h4
{[%clk 01:20:07]} {[%emt 00:00:29]} Bd7 {[%clk 00:53:33]} {[%emt 00:05:34]} 20.
Rfb1 {[%clk 01:17:25]} {[%emt 00:03:11]} Be8 {[%clk 00:53:16]} {[%emt
00:00:47]} 21. Qb3 {[%clk 01:13:51]} {[%emt 00:04:04]} Nb4 {[%clk 00:49:34]}
{[%emt 00:04:12]} 22. Rd1 {[%clk 01:09:50]} {[%emt 00:04:31]} b6 {[%clk
00:45:54]} {[%emt 00:04:10]} 23. Rdc1 {[%clk 01:07:56]} {[%emt 00:02:23]} Rab8
{[%clk 00:43:07]} {[%emt 00:03:18]} 24. Qd1 {[%clk 01:07:20]} {[%emt 00:01:07]}
Qa7 {[%clk 00:31:25]} {[%emt 00:12:12]} 25. Bf1 {[%clk 01:03:53]} {[%emt
00:03:57]} Rdc8 {[%clk 00:30:17]} {[%emt 00:01:38]} 26. cxb6 {[%clk 01:01:36]}
{[%emt 00:02:47]} Qxb6 {[%clk 00:30:33]} {[%emt 00:00:14]} 27. Ne5 {[%clk
00:57:52]} {[%emt 00:04:13]} f6 {[%clk 00:25:01]} {[%emt 00:06:03]} 28. Nd3
{[%clk 00:58:10]} {[%emt 00:00:12]} Nxd3 {[%clk 00:16:37]} {[%emt 00:08:54]} 29.
Bxd3 {[%clk 00:58:21]} {[%emt 00:00:19]} Rxc1 {[%clk 00:16:56]} {[%emt
00:00:11]} 30. Rxc1 {[%clk 00:54:48]} {[%emt 00:04:02]} Qb3 {[%clk 00:13:56]}
{[%emt 00:03:30]} 31. Bc2 {[%clk 00:54:56]} {[%emt 00:00:22]} Qc3 {[%clk
00:13:25]} {[%emt 00:01:01]} 32. Bxh7+ {[%clk 00:55:17]} {[%emt 00:00:10]} 1-0

[Event "Senior Women Russian Championship 2022_HL"]
[Site "Saint-Petersburg, Russia"]
[Date "2022.10.02"]
[Round "9.9"]
[White "Kazantseva, Alla"]
[Black "Vasiukova, Ekaterina"]
[Result "1/2-1/2"]
[TimeControl "Standard: 90min/40moves+30min/end+30sec increment per move starting from move 1"]
[WhiteElo "1654"]
[BlackElo "1675"]

1. e4 {[%clk 01:30:58]} {[%emt 00:36:30]} c6 {[%clk 01:30:54]} 2. d4 {[%clk
01:31:19]} {[%emt 00:00:15]} d5 {[%clk 01:31:18]} 3. Nd2 {[%clk 01:31:34]}
{[%emt 00:00:22]} dxe4 {[%clk 01:31:18]} 4. Nxe4 {[%clk 01:31:54]} {[%emt
00:00:40]} Bf5 {[%clk 01:31:28]} 5. Ng3 {[%clk 01:32:00]} {[%emt 00:00:44]} Bg6
{[%clk 01:31:45]} 6. h4 {[%clk 01:30:49]} {[%emt 00:01:52]} h6 {[%clk
01:32:05]} 7. h5 {[%clk 01:30:57]} {[%emt 00:00:34]} Bh7 {[%clk 01:32:23]} 8.
Nf3 {[%emt 00:01:16]} Nd7 9. Bd3 {[%clk 01:30:22]} Bxd3 {[%clk 01:32:31]} 10.
Qxd3 {[%clk 01:29:56]} {[%emt 00:01:58]} e6 {[%clk 01:33:04]} 11. Bd2 {[%clk
01:22:26]} {[%emt 00:08:17]} Ngf6 {[%clk 01:33:18]} 12. O-O-O {[%clk 01:20:42]}
{[%emt 00:02:28]} Bd6 {[%clk 01:31:51]} 13. Ne4 {[%emt 00:04:37]} Nxe4 14. Qxe4
Nf6 15. Qe2 Qe7 16. c3 O-O-O 17. Ne5 Kb8 18. f4 c5 19. dxc5 Bxc5 20. Be3 Bxe3+
21. Qxe3 Nd5 22. Qf3 Qf6 23. g3 {[%clk 01:18:32]} Qe7 {[%clk 01:32:03]} 24.
Rhe1 {[%clk 00:45:36]} {[%emt 01:04:41]} Rc8 {[%emt 00:03:28]} 25. Kb1 Rhd8
{[%clk 01:08:29]} {[%emt 00:02:21]} 26. f5 {[%clk 00:40:17]} {[%emt 00:04:09]}
Qf6 {[%clk 00:52:49]} {[%emt 00:16:10]} 27. fxe6 {[%clk 00:37:24]} {[%emt
00:03:23]} Qxf3 {[%clk 00:46:05]} {[%emt 00:07:14]} 28. Nxf3 {[%clk 00:37:43]}
{[%emt 00:00:10]} fxe6 {[%clk 00:46:17]} {[%emt 00:00:19]} 29. Ka1 {[%clk
00:30:59]} {[%emt 00:06:55]} Nf6 {[%clk 00:37:30]} {[%emt 00:09:36]} 30. a3
{[%clk 00:28:32]} {[%emt 00:02:57]} Rxd1+ {[%clk 00:36:57]} {[%emt 00:01:03]}
31. Rxd1 {[%clk 00:29:01]} {[%emt 00:00:02]} Re8 {[%clk 00:36:27]} {[%emt
00:00:59]} 32. g4 {[%clk 00:27:56]} {[%emt 00:02:12]} e5 {[%clk 00:35:38]}
{[%emt 00:01:42]} 33. g5 {[%clk 00:27:00]} {[%emt 00:01:26]} hxg5 {[%clk
00:35:17]} {[%emt 00:00:51]} 34. Nxg5 {[%clk 00:27:00]} {[%emt 00:00:29]} Nxh5
{[%clk 00:35:17]} {[%emt 00:00:30]} 35. Ne4 {[%clk 00:26:01]} {[%emt 00:01:28]}
Nf6 {[%clk 00:34:48]} {[%emt 00:01:00]} 36. Nc5 {[%clk 00:24:53]} {[%emt
00:01:37]} Kc7 {[%clk 00:32:57]} {[%emt 00:02:21]} 37. Rg1 {[%clk 00:24:46]}
{[%emt 00:00:36]} Nh5 {[%clk 00:31:21]} {[%emt 00:02:08]} 38. Rg5 {[%clk
00:21:29]} {[%emt 00:03:46]} Kc6 {[%clk 00:30:03]} {[%emt 00:01:50]} 39. b4
{[%clk 00:50:02]} {[%emt 00:01:57]} b6 {[%clk 00:58:51]} {[%emt 00:01:42]} 40.
Ne4 {[%clk 00:44:02]} {[%emt 00:06:28]} Kd5 {[%clk 00:55:11]} {[%emt 00:04:12]}
41. Nd2 {[%clk 00:44:00]} {[%emt 00:00:31]} Rh8 {[%clk 00:46:24]} {[%emt
00:09:17]} 42. Kb2 {[%clk 00:41:51]} {[%emt 00:02:39]} Ke6 {[%clk 00:40:21]}
{[%emt 00:08:40]} 43. Kb3 {[%clk 00:40:59]} Kf6 {[%clk 00:33:00]} {[%emt
00:07:05]} 44. Ne4+ {[%clk 00:41:25]} {[%emt 00:00:04]} Ke6 {[%clk 00:32:15]}
{[%emt 00:01:12]} 45. Nd2 {[%clk 00:40:42]} {[%emt 00:01:15]} Kf6 {[%clk
00:31:59]} {[%emt 00:00:48]} 46. Ne4+ {[%emt 00:00:23]} Ke6 {[%emt 00:00:25]}
47. Nd2 {[%clk 00:39:30]} {[%emt 00:00:52]} 1/2-1/2

[Event "Senior Women Russian Championship 2022_HL"]
[Site "Saint-Petersburg, Russia"]
[Date "2022.10.02"]
[Round "9.10"]
[White "Kapelkina, Galina"]
[Black "Ovsiannikova, Tatiana"]
[Result "0-1"]
[TimeControl "Standard: 90min/40moves+30min/end+30sec increment per move starting from move 1"]
[WhiteElo "1644"]
[BlackElo "2009"]

1. d4 {[%clk 01:30:33]} {[%emt 00:00:26]} Nf6 {[%clk 01:30:40]} {[%emt
00:00:20]} 2. c4 {[%clk 01:30:48]} {[%emt 00:00:16]} c6 {[%clk 01:30:51]}
{[%emt 00:00:19]} 3. Nc3 {[%clk 01:30:22]} {[%emt 00:00:55]} d5 {[%clk
01:31:01]} {[%emt 00:00:20]} 4. e3 {[%clk 01:27:26]} {[%emt 00:03:26]} g6
{[%clk 01:30:44]} {[%emt 00:00:48]} 5. Nf3 {[%clk 01:27:05]} {[%emt 00:00:51]}
Bg7 {[%clk 01:30:52]} {[%emt 00:00:22]} 6. cxd5 {[%clk 01:27:22]} {[%emt
00:00:13]} cxd5 {[%clk 01:31:14]} {[%emt 00:00:07]} 7. Be2 {[%clk 01:26:56]}
{[%emt 00:00:56]} O-O {[%clk 01:31:34]} {[%emt 00:00:11]} 8. O-O {[%clk
01:27:13]} {[%emt 00:00:12]} Nc6 {[%clk 01:31:54]} {[%emt 00:00:11]} 9. b3
{[%clk 01:23:53]} {[%emt 00:03:49]} Bg4 {[%clk 01:31:50]} {[%emt 00:00:34]} 10.
Bb2 {[%clk 01:20:43]} {[%emt 00:03:41]} e6 {[%clk 01:30:57]} {[%emt 00:01:22]}
11. Rc1 {[%clk 01:20:32]} {[%emt 00:00:41]} Rc8 {[%clk 01:30:33]} {[%emt
00:00:54]} 12. h3 {[%clk 01:16:05]} {[%emt 00:04:56]} Bxf3 {[%clk 01:30:55]}
{[%emt 00:00:09]} 13. Bxf3 {[%clk 01:16:23]} {[%emt 00:00:12]} Re8 {[%clk
01:30:10]} {[%emt 00:01:14]} 14. Be2 {[%clk 01:14:56]} {[%emt 00:01:57]} a6
{[%clk 01:30:21]} {[%emt 00:00:20]} 15. Na4 {[%clk 01:11:03]} {[%emt 00:04:23]}
Ne4 {[%clk 01:30:28]} {[%emt 00:00:23]} 16. Nc5 {[%clk 01:09:49]} {[%emt
00:01:44]} Nxc5 {[%clk 01:28:21]} {[%emt 00:02:37]} 17. Rxc5 {[%clk 01:09:49]}
{[%emt 00:00:30]} Bf8 {[%clk 01:27:33]} {[%emt 00:01:17]} 18. Rc1 {[%clk
01:09:50]} {[%emt 00:00:30]} Bd6 {[%clk 01:27:25]} {[%emt 00:00:38]} 19. a3
{[%clk 01:05:04]} {[%emt 00:05:16]} h5 {[%clk 01:26:19]} {[%emt 00:01:35]} 20.
Bd3 {[%clk 01:00:46]} {[%emt 00:04:49]} Qh4 {[%clk 01:25:37]} {[%emt 00:01:11]}
21. f4 {[%clk 00:55:10]} {[%emt 00:06:07]} f5 {[%clk 01:25:41]} {[%emt
00:00:26]} 22. Qe1 {[%clk 00:52:52]} {[%emt 00:02:46]} Qe7 {[%clk 01:25:41]}
{[%emt 00:00:32]} 23. b4 {[%clk 00:52:52]} {[%emt 00:00:30]} h4 {[%clk
01:25:35]} {[%emt 00:00:35]} 24. Rc2 {[%clk 00:44:57]} {[%emt 00:08:27]} Kf7
{[%clk 01:25:25]} {[%emt 00:00:39]} 25. Qe2 {[%clk 00:41:49]} {[%emt 00:03:38]}
Rh8 {[%clk 01:25:24]} {[%emt 00:00:30]} 26. Rfc1 {[%clk 00:41:56]} {[%emt
00:00:24]} g5 {[%clk 01:24:50]} {[%emt 00:01:04]} 27. Bxa6 {[%clk 00:36:58]}
{[%emt 00:05:28]} gxf4 {[%clk 01:25:06]} {[%emt 00:00:14]} 28. b5 {[%clk
00:27:50]} {[%emt 00:09:39]} Na7 {[%clk 01:22:02]} {[%emt 00:03:33]} 29. Rxc8
{[%clk 00:27:25]} {[%emt 00:00:55]} Nxc8 {[%clk 01:22:11]} {[%emt 00:00:21]} 30.
Rxc8 {[%clk 00:22:39]} {[%emt 00:05:16]} Rxc8 {[%clk 01:22:09]} {[%emt
00:00:32]} 31. Qh5+ {[%clk 00:22:58]} {[%emt 00:00:11]} Kg7 {[%clk 01:22:00]}
{[%emt 00:00:39]} 32. Bxb7 {[%clk 00:19:58]} {[%emt 00:03:31]} Rh8 {[%clk
01:21:49]} {[%emt 00:00:41]} 33. Qe2 {[%clk 00:17:28]} {[%emt 00:03:00]} Qxb7
{[%clk 01:22:05]} {[%emt 00:00:13]} 34. exf4 {[%clk 00:17:25]} {[%emt
00:00:33]} Kf6 {[%clk 01:22:18]} {[%emt 00:00:17]} 35. a4 {[%clk 00:17:25]}
{[%emt 00:00:30]} Qg7 {[%clk 01:22:19]} {[%emt 00:00:28]} 36. a5 {[%clk
00:16:49]} {[%emt 00:01:07]} Bxf4 {[%clk 01:22:04]} {[%emt 00:00:45]} 37. b6
{[%clk 00:16:40]} {[%emt 00:00:39]} Rg8 {[%clk 01:21:01]} {[%emt 00:01:33]} 38.
a6 {[%clk 00:15:49]} {[%emt 00:01:21]} Qg3 {[%clk 01:21:15]} {[%emt 00:00:16]}
39. b7 {[%clk 00:09:08]} {[%emt 00:07:11]} Qh2+ {[%clk 01:21:29]} {[%emt
00:00:15]} 0-1